000
00255nam a2200097Ia 4500
001
1056574
005
20250827001403.0
008
250824s9999 xx 000 0 und d
245
0
_a
KARANTİNA DÖRDÜNCÜ PERDE
_c
BEYZA ALKOÇ
260
_b
İNDİGO YAYINLARI
999
_c
1056574
_d
1056574